| 000 | 00883nam a2200277Ia 4500 | ||
|---|---|---|---|
| 003 | OSt | ||
| 005 | 20221007123713.0 | ||
| 006 | a|||||r|||| 00| 0 | ||
| 007 | ta | ||
| 008 | 221006b |||||||| |||| 00| 0 eng d | ||
| 020 | _a0387982620 (New York:hbd) | ||
| 024 | _a5446 | ||
| 037 |
_bEducational, _cTextual |
||
| 040 |
_aCDL _cCDL _beng |
||
| 041 |
_2eng _aeng |
||
| 082 | _aE9G:(C), N8 Carc | ||
| 100 |
_aBergethon Peter R _9475926 |
||
| 245 | 0 | _aPhysical basis of biochemistry: the foundations of molecular biophysics | |
| 260 |
_aNew _bYork Springer-Verlag _c1998 |
||
| 300 |
_axxii,567p _ccm. |
||
| 500 | _aIncludes bibliographical references; Appendices A-M, 517-548p; Index 549-567p | ||
| 650 | _a Physics | ||
| 650 | _aBiochemistry | ||
| 942 |
_hE9G:(C), N8 Carc _cTEXL _2CC |
||
| 999 |
_c1212361 _d1212361 |
||